01506nam a22002777a 45000010005000000030006000050050017000110080041000280200018000690400029000870500015001160820008001311000018001392450057001572600050002143000053002644900029003175050008003465200638003545210021009925210020010137000033010339420015010669990015010819520132010966997FISKH20250617095205.0250617b cb ||||| |||| 00| 0 eng d a9781618103253 aFISKHbengcFISKHdFISKH aPZ7.K66668 a823 aKoontz, Robin aRobin Hood /cWitten and Illustrated by Robin Koontz aFlorida :bRourke Educational Media , c2013. a24 pages : bcolor illustrations ; c21x21 cm .  aBlue Reader vLevels 2-3 aK  aJuvenile Fiction. Juvenile Literature. HTML:As the cast of merry hikers start along the trail they decide to mark the trees with forks and spoons so they can find their way home. After a relaxing hike they start back only to find all the forks and spoons are gone. They are lost and begin to get scared when a ranger finds them and leads them to a shelter. He offers them something to eat and they notice the spoon he gives them is one of theirs. He told them he thought someone had littered and he collected the forks and spoons to give to someone who really needed them. The hikers remarked by saying that made him like Robin Hood.8 a510 bLexile 8 aK bRaz-Plus  aMcKenzie, Precious eEditor  2ddccBKn0 c6997d6997 00102ddc40708JUVFa002b002cTTP Yellow d2025-06-17l0oKOO 823 PZ7.K6668pFISTK00940r2025-06-17 09:51:58w2025-06-17yBK